Escritos antifederalistas y debates de la convención constitucional de EE.UU. / Ralph Ketcham
Descripción Física:
447 p. ; 22 cm
Colección:
Colección federalismo
MARC
| LEADER | 00000nam a2200000Ia 4500 | ||
|---|---|---|---|
| 001 | 11854 | ||
| 008 | 160829s1996 xx 000 0 cat d | ||
| 080 | |a M-3-296 | ||
| 100 | |a Ketcham, Ralph |9 32145 | ||
| 245 | |a Escritos antifederalistas y debates de la convención constitucional de EE.UU. / Ralph Ketcham | ||
| 260 | |a Barcelona : |b Hacer : |b Fundació Rafael Campalans, |c 1996 | ||
| 300 | |a 447 p. ; |c 22 cm | ||
| 490 | |a Colección federalismo | ||
| 650 | |a Estats Units d'Amèrica |x Constitució |9 32146 | ||
| 650 | |a Història constitucional |x Estats Units d'Amèrica |9 32147 | ||
| 710 | |a Fundació Rafael Campalans |9 52024 | ||
| 901 | |a Arxiu | ||
| 942 | |n 1 | ||
| 952 | |0 0 |1 0 |4 0 |6 M3296 |7 1 |9 45887 |a Arxiu |b Arxiu |d 2016-12-01 |l 0 |o M-3-296 |p 11854 |r 2016-12-01 00:00:00 |w 2016-12-01 |y ARXIU | ||
| 999 | |c 49388 |d 49388 | ||